00684 2200193 4500245008800000020002200088250001100110100002900121700001900150700001700169650001300186005001900199260003500218041001400253084000800267300002900275500017700304336000900481 aIntroduction Of Philosophy b : Pengantar FilsafatcFullerton, George StuarthText a978-602-5644-56-6 aCet. 1 aFullerton, George Stuart aDaru Wijayanti aAhmad Asnawi aFilsafat a20240129114344 aYogyakartabIndoliterasic2023 aIndonesia a101 aiv + 374 hlm :c15x23 cm aBuku ini berisi tentang makna kata filsafat di masa lalu dan sekarang, pemikiran umum sains dan reflektif, penampakan dan kenyataan, apa itu pikiran, dan pengertian pikiran atext